000 00537nam a2200181Ia 4500
003 GCL
008 140319s9999 xx 000 0 ara d
040 _aGCL /
_cGCL
082 0 4 _a863.03
_bس ن
100 1 _aساباتو، ارنسو
245 1 0 _aالنفق /
_cساباتو، ارنسو
700 1 _aمروان ابراهيم صديق
300 _a182 ص
490 _aالهيئة العامة للاستعلامات
_v0
650 0 4 _aالادب الاسبانى
650 0 4 _aالقصص الاسبانية
942 _2ddc
_cBK
999 _c50817
_d50817